The World Book Encyclopedia B, volume 2

Guardat en:
Dades bibliogràfiques
Autor principal: William Benton
Format: Desconegut
Idioma:English
Publicat: USA 1968
Matèries:
Etiquetes: Afegir etiqueta
Sense etiquetes, Sigues el primer a etiquetar aquest registre!
Thư viện lưu trữ: Mạng thư viện Đại học Đà Nẵng
LEADER 00963ca a2200289 4500
001 000032459
003 8548
005 20151022000000.0
008 151002s1968 000 eng
041 |a eng 
082 |a 423  |b BE-W  |2 2 
100 |a William Benton 
245 |a The World Book Encyclopedia B, volume 2  |c William Benton 
260 |a USA  |c 1968 
650 |a The World Book Encyclopedia B, volume 2,William Benton 
852 |b Đọc  |c TỪ ĐIỂN 
OWN |a LNN 
AVA |a UDN50  |b LNN  |c English  |d 423 BE-W  |e available  |t Error 5001 Not defined in file expand_doc_bib_avail.  |f 1  |g 0  |h N  |i 0  |j AN  |k 1 
999 |a From the UDN01 
AVA |a UDN50  |b LNN  |c English  |d 423 BE-W  |e available  |t Error 5001 Not defined in file expand_doc_bib_avail.  |f 1  |g 0  |h N  |i 0  |j AN  |k 1 
980 |a Mạng thư viện Đại học Đà Nẵng